Základy diferenciální diagnostiky ve vnitřním lékařství /

Hlavní autor: Ščudla, Vlastimil, 1946-
Další autoři: Horák, Pavel, 1966-, Karásek, David
Jazyk: Čeština
Vydáno: V Olomouci : Univerzita Palackého, 2021
Vydání: 1. vydání
Edice: Ars medica
Témata:
Fyzický popis: 679 stran : ilustrace (převážně barevné) ; 27 cm
Knihy
Uloženo v:
LEADER 02029nam a2200517 i 4500
001 nkc20223419385
003 CZ PrNK
005 20220914161434.0
007 ta
008 220504s2021 xr a f 001 0 cze
015 |a cnb003419385 
020 |a 978-80-244-5957-8  |q (vázáno) 
035 |a (OCoLC)1329409616 
040 |a BOA001  |b cze  |e rda 
072 7 |a 616  |x Patologie. Klinická medicína  |2 Konspekt  |9 14 
080 |a 616-079.4  |2 MRF 
080 |a 616.1/.6  |2 MRF 
080 |a (048.8:082)  |2 MRF 
100 1 |a Ščudla, Vlastimil,  |d 1946-  |7 jn20000402953  |4 aut 
245 1 0 |a Základy diferenciální diagnostiky ve vnitřním lékařství /  |c Vlastimil Ščudla, Pavel Horák, David Karásek a kolektiv 
250 |a 1. vydání 
264 1 |a V Olomouci :  |b Univerzita Palackého,  |c 2021 
300 |a 679 stran :  |b ilustrace (převážně barevné) ;  |c 27 cm 
336 |a text  |b txt  |2 rdacontent 
337 |a bez média  |b n  |2 rdamedia 
338 |a svazek  |b nc  |2 rdacarrier 
490 1 |a Ars medica 
500 |a Terminologický slovník 
504 |a Obsahuje bibliografie a rejstřík 
650 0 7 |a diferenciální diagnostika  |7 ph134758  |2 czenas 
650 0 7 |a vnitřní lékařství  |7 ph116595  |2 czenas 
650 0 9 |a differential diagnostics  |2 eczenas 
650 0 9 |a internal medicine  |2 eczenas 
655 7 |a kolektivní monografie  |7 fd501537  |2 czenas 
655 9 |a collective monographs  |2 eczenas 
700 1 |a Horák, Pavel,  |d 1966-  |7 xx0032850  |4 aut 
700 1 |a Karásek, David  |7 stk2007415300  |4 aut 
830 0 |a Ars medica  |0 s 
910 2 |a BOA001  |b 3-1487.137 
928 9 |a Univerzita Palackého v Olomouci 
990 |a BK 
995 |a 01 
991 |b 202205  |c NOV 
996 3 |b 2610903324  |c 3-1487.137  |l MZK  |r Sklad / do 1 hodiny  |n 0  |p p.v.  |w 001886857  |u 000010  |a 1  |e BOA001  |j MZK50  |s N 
996 6 |b 2610905462  |c 3-1487.137  |l MZK  |r STM 6p  |n 0  |p kup  |h 616.1/.6 ŠČU  |w 001886857  |u 000020  |a 0  |e BOA001  |j MZK50  |s P 
996 7 |b 2610905463  |c 3-1487.137  |l Vol.výběr  |r VV 1p  |n 7  |p kup  |h 616.1/.6 ŠČU  |w 001886857  |u 000030  |a 0  |e BOA001  |j MZK50  |s A